A diabetes mellitus causa deterioro cognitivo em idosos? Um estudo de revisão (Record no. 173348)
[ view plain ]
| 000 -CABECERA | |
|---|---|
| campo de control de longitud fija | 02677nab a2200349 a 4500 |
| 005 - FECHA Y HORA DE LA ÚLTIMA TRANSACCIÓN | |
| campo de control | 20210219162259.0 |
| 008 - ELEMENTOS DE LONGITUD FIJA--INFORMACIÓN GENERAL | |
| campo de control de longitud fija | 991125s1985 mx 000 0 spa u |
| 035 ## - NÚMERO DE CONTROL DEL SISTEMA | |
| Número de control de sistema | UPN01000201247 |
| 049 ## - COLECCIÓN | |
| Colección | ART |
| 100 1# - ASIENTO PRINCIPAL--NOMBRE PERSONAL | |
| Nombre de persona | Fernandes Lopes, Regina Maria |
| 100 1# - ASIENTO PRINCIPAL--NOMBRE PERSONAL | |
| Filiación | regina@nucleomedicopsicologico.com.br |
| 100 1# - ASIENTO PRINCIPAL--NOMBRE PERSONAL | |
| Filiación | reginamlopess@gmail.com |
| 100 1# - ASIENTO PRINCIPAL--NOMBRE PERSONAL | |
| Nombre de persona | Nascimento, Roberta Fernandes Lopes do |
| 100 1# - ASIENTO PRINCIPAL--NOMBRE PERSONAL | |
| Filiación | roberta@nucleomedicopsicologico.com.br |
| 100 1# - ASIENTO PRINCIPAL--NOMBRE PERSONAL | |
| Nombre de persona | Wendt, Guilherme Welter |
| 100 1# - ASIENTO PRINCIPAL--NOMBRE PERSONAL | |
| Filiación | gilhermewwendt@gmail.com |
| 100 1# - ASIENTO PRINCIPAL--NOMBRE PERSONAL | |
| Nombre de persona | Argimon, Irani I. de Lima |
| 100 1# - ASIENTO PRINCIPAL--NOMBRE PERSONAL | |
| Filiación | argimoni@pucrs.br |
| 222 #0 - TÍTULO CLAVE | |
| Título clave | AVANCES EN PSICOLOGIA LATINOAMERICANA |
| 245 00 - MENCIÓN DE TÍTULO | |
| Título | A diabetes mellitus causa deterioro cognitivo em idosos? Um estudo de revisão |
| 260 ## - PUBLICACIÓN, DISTRIBUCIÓN, ETC. | |
| Lugar de publicación, distribución, etc. | Bogotá, Colombia |
| 300 ## - DESCRIPCIÓN FÍSICA | |
| Extensión | 131-139 |
| 362 0# - FECHAS DE PUBLICACIÓN Y/O DESIGNACIÓN SECUENCIAL | |
| Fecha de publicación y/o designación secuencial | 2013 Volumen 31, número 1 |
| 520 3# - NOTA DE RESUMEN, ETC. | |
| Sumario, etc. | La diabetes mellitus (DM) se refiere a un síndrome metabólico que conlleva cambios físicos, sociales y psicológicos en quienes lo padecen. La enfermedad posee un fuerte componente genético y se subdivide en tipos 1 (DM1) y 2 (DM2). La DM2 está asociada a déficits funcionales y cognoscitivos. Las investigaciones revelan que las funciones ejecutivas de los adultos mayores con DM se encuentran más perjudicadas en comparación con adultos mayores que no padecen esta enfermedad. Con el objetivo de profundizar este tema, este estudio realiza una revisión sistemática de la literatura, a través de publicaciones indexadas en los últimos ocho años que abordan la relación entre DM2 y aspectos del deterioro cognoscitivo en ancianos (flexibilidad cognoscitiva, flexibilidad mental y del pensamiento en funciones ejecutivas). En los estudios revisados, la mayoría mostró un grado de compromiso relacionado conlas funciones ejecutivas: flexibilidad del pensamiento, atención o memoria de trabajo, sugiriendo incluso quela DM2 acelera el proceso de deterioro, aumentando la posibilidad de desarrollo de la demencia. La prevalencia de depresión es más elevada en ancianos con DM2, con el compromiso de múltiples funciones y otras complicaciones físicas identificadas. Los hallazgos muestran un funcionamiento cognoscitivo perjudicado en ancianos con DM2 lo que enfatiza la necesidad del desarrollo de programas de prevención e intervención |
| 653 0# - TERMINO DE INDIZACION - NO CONTROLADO | |
| Término no controlado | DIABETES MELLITUS |
| 653 0# - TERMINO DE INDIZACION - NO CONTROLADO | |
| Término no controlado | ADULTOS MAYORES |
| 653 0# - TERMINO DE INDIZACION - NO CONTROLADO | |
| Término no controlado | FUNCIONES EJECUTIVAS |
| 653 0# - TERMINO DE INDIZACION - NO CONTROLADO | |
| Término no controlado | FLEXIBILIDAD COGNOSCITIVA |
| 856 4# - LOCALIZACIÓN Y ACCESO ELECTRÓNICOS | |
| Identificador Uniforme del Recurso | <a href="http://www.redalyc.org/articulo.oa?id=79928610011">http://www.redalyc.org/articulo.oa?id=79928610011</a> |
| 856 4# - LOCALIZACIÓN Y ACCESO ELECTRÓNICOS | |
| Nombre del host | http://www.scielo.org.co/scielo.php?script=sci_arttext&pid=S1794-47242013000100011&lng=pt&nrm=iso&tlng=pt |
| 905 ## - TIPO DE MATERIAL | |
| Tipo de material | Articulo |
No items available.
